[Event "Pula op 35th"]
[Site "Pula"]
[Date "2023.06.23"]
[Round "7"]
[White "Nagybiro, Laszlo"]
[Black "Lohvinov, Petro"]
[Result "0-1"]
[WhiteElo "2138"]
[BlackElo "2302"]
[PlyCount "92"]
[EventDate "2023.06.17"]
[EventType "swiss"]
[EventRounds "9"]
[EventCountry "CRO"]
[SourceTitle "CBM 214 Extra"]
[Source "ChessBase"]
[SourceDate "2023.07.31"]
[SourceVersion "1"]
[SourceVersionDate "2023.07.31"]
[SourceQuality "1"]

1. d4 Nf6 2. c4 g6 3. Nc3 Bg7 4. e4 d6 5. Be2 0-0 6. Nf3 e5 7. Be3 exd4 8. Nxd4 Re8 9. f3 c6 10. Nc2 Qe7 11. 0-0 Be6 12. Qd2 Nbd7 13. Rad1 Ne5 14. b3 Red8 15. Bg5 d5 16. exd5 cxd5 17. Qe3 h6 18. Bxf6 Qxf6 19. Nxd5 Bxd5 20. Rxd5 Re8 21. Qd2 Nc6 22. Rb1 Re6 23. Bf1 Rae8 24. b4 b6 25. a4 Ne7 26. Rd7 Nf5 27. c5 h5 28. Bc4 Bh6 29. Qf2 R6e7 30. Rxe7 Rxe7 31. cxb6 axb6 32. Bf1 Qc3 33. Kh1 Rd7 34. Ne1 Rd2 35. Qxb6 Ne3 36. Bb5 Rf2 37. Qb8+ Kg7 38. Qg3 Qd2 39. Kg1 Nf5 40. Qe5+ Kh7 41. a5 Nd4 42. Bf1 Be3 43. Qg3 Nf5 44. Bb5 Nd4 45. Qe5 Bh6 46. Qe4 Nf5 0-1

[Event "EU Universities Rapid"]
[Site "Lodz"]
[Date "2022.07.18"]
[Round "8.9"]
[White "Jarzebowski, Kacper"]
[Black "Nagybiro, Laszlo"]
[Result "1/2-1/2"]
[WhiteElo "2106"]
[BlackElo "2160"]
[PlyCount "87"]
[EventDate "2022.07.16"]
[EventType "team-swiss (rapid)"]
[EventRounds "9"]
[EventCountry "POL"]
[SourceTitle "CBM 209 Extra"]
[Source "ChessBase"]
[SourceDate "2022.09.30"]
[SourceVersion "1"]
[SourceVersionDate "2022.09.30"]
[SourceQuality "1"]
[WhiteTeam "Kozminski Univ II"]
[BlackTeam "Pecs Univ"]
[WhiteTeamCountry "POL"]
[BlackTeamCountry "HUN"]

1. Nf3 Nf6 2. c4 g6 3. Nc3 Bg7 4. h4 h5 5. d4 d5 6. Bf4 0-0 7. e3 c5 8. dxc5 Qa5 9. Rc1 dxc4 10. Bxc4 Qxc5 11. Bb3 Na6 12. 0-0 Qa5 13. Ne5 Nc5 14. Nxg6 Nxb3 15. Qxb3 Re8 16. Ne5 Be6 17. Qb5 Qxb5 18. Nxb5 Nd5 19. Nc7 Nxc7 20. Rxc7 Bxa2 21. Rxb7 Bd5 22. Rd7 Be6 23. Rc7 Bxe5 24. Bxe5 f6 25. Bd4 a5 26. Rfc1 Rac8 27. Rxc8 Rxc8 28. Rxc8+ Bxc8 29. Kf1 Kf7 30. Ke2 Ke6 31. Bc5 Ba6+ 32. Kf3 Bb7+ 33. Kg3 Kf7 34. f3 e6 35. e4 Kg6 36. Kf4 a4 37. g4 Bc8 38. Be7 f5 39. gxf5+ exf5 40. e5 Be6 41. Ke3 Bd5 42. Bg5 Kf7 43. f4 Ke6 44. Kd4 1/2-1/2

[Event "EU Universities Rapid"]
[Site "Lodz"]
[Date "2022.07.17"]
[Round "5.9"]
[White "Veiga, Jose Francisco RP"]
[Black "Nagybiro, Laszlo"]
[Result "1/2-1/2"]
[WhiteElo "2378"]
[BlackElo "2160"]
[PlyCount "173"]
[EventDate "2022.07.16"]
[EventType "team-swiss (rapid)"]
[EventRounds "9"]
[EventCountry "POL"]
[SourceTitle "CBM 209 Extra"]
[Source "ChessBase"]
[SourceDate "2022.09.30"]
[SourceVersion "1"]
[SourceVersionDate "2022.09.30"]
[SourceQuality "1"]
[WhiteTeam "Porto Univ"]
[BlackTeam "Pecs Univ"]
[WhiteTeamCountry "POR"]
[BlackTeamCountry "HUN"]

1. e4 c5 2. Nf3 Nc6 3. d4 cxd4 4. Nxd4 e5 5. Nb5 a6 6. Nd6+ Bxd6 7. Qxd6 Qf6 8. Qxf6 Nxf6 9. Nc3 d5 10. Bd3 Nb4 11. f3 dxe4 12. fxe4 Nxd3+ 13. cxd3 h6 14. Be3 0-0 15. Rf1 Ng4 16. Bc5 Rd8 17. h3 Nf6 18. Be7 Rxd3 19. Bxf6 gxf6 20. Rxf6 Kg7 21. Rb6 Bd7 22. Rxb7 Bc6 23. Re7 Bxe4 24. Ke2 Bg6 25. Rxe5 Rb8 26. Na4 Rbd8 27. Ke1 R8d6 28. Nc3 Rb6 29. Re2 Rg3 30. Kf2 Rd3 31. Kg1 Rbd6 32. Rae1 Bh5 33. Re5 Bg6 34. R1e2 Rd2 35. Rxd2 Rxd2 36. Re2 Rd6 37. Na4 Rc6 38. Rf2 Rc1+ 39. Kh2 Rc6 40. b3 Bb1 41. Kg3 Rg6+ 42. Kh2 Rc6 43. Rb2 Bd3 44. b4 Bb5 45. Nc5 Rb6 46. a3 Bc6 47. Rd2 Bb5 48. Rd4 Rf6 49. Kg3 Be2 50. Re4 Bb5 51. Rf4 Rd6 52. a4 Bc6 53. Rc4 Be8 54. Kf4 Rd2 55. Ke5 f6+ 56. Kf5 Rf2+ 57. Ke4 Rxg2 58. Ne6+ Kf7 59. Nf4 Rd2 60. a5 Bb5 61. Rc7+ Rd7 62. Rxd7+ Bxd7 63. Kd5 Ke7 64. h4 Bb5 65. Kc5 Kd7 66. Nd5 f5 67. Nf4 Bc6 68. h5 Kc7 69. Nd5+ Kd7 70. Nf6+ Kc7 71. Nd5+ Kd7 72. Nb6+ Kc7 73. Nc4 f4 74. Kd4 f3 75. Ke3 Be8 76. Nd2 Bxh5 77. Ne4 Kc6 78. Nc3 Bg4 79. Kf2 h5 80. Ne4 Kb5 81. Nc5 h4 82. Nd3 h3 83. Kg3 Bf5 84. Nc5 Kxb4 85. Nxa6+ Kxa5 86. Nc7 Be4 87. Ne6 1/2-1/2

[Event "EU Universities Rapid"]
[Site "Lodz"]
[Date "2022.07.16"]
[Round "3.9"]
[White "Nagybiro, Laszlo"]
[Black "Grimm, Daniel"]
[Result "1/2-1/2"]
[WhiteElo "2160"]
[BlackElo "2300"]
[PlyCount "87"]
[EventDate "2022.07.16"]
[EventType "team-swiss (rapid)"]
[EventRounds "9"]
[EventCountry "POL"]
[SourceTitle "CBM 209 Extra"]
[Source "ChessBase"]
[SourceDate "2022.09.30"]
[SourceVersion "1"]
[SourceVersionDate "2022.09.30"]
[SourceQuality "1"]
[WhiteTeam "Pecs Univ"]
[BlackTeam "Eotvos Lorand Univ"]
[WhiteTeamCountry "HUN"]
[BlackTeamCountry "HUN"]

1. d4 d5 2. c4 c6 3. Nf3 dxc4 4. e3 Be6 5. a4 Nf6 6. Ne5 Nbd7 7. Nxc4 g6 8. Be2 Bg7 9. 0-0 0-0 10. Nc3 Bxc4 11. Bxc4 e5 12. Ne2 a5 13. Qb3 Qb6 14. Qc2 Rfe8 15. Bd2 exd4 16. Nxd4 Ne5 17. Be2 Rad8 18. Nb3 Ra8 19. Bc3 Nd5 20. Bd4 Qc7 21. Rfd1 Nb4 22. Qc5 Nd7 23. Qc3 Bxd4 24. Rxd4 b6 25. Rad1 Nf8 26. Bf3 Rad8 27. h3 Ne6 28. Rxd8 Rxd8 29. Rxd8+ Qxd8 30. Nd4 Nxd4 31. exd4 Qd6 32. Qe3 Kg7 33. b3 h6 34. Qc3 Kf8 35. Qe3 h5 36. Qe4 Kg7 37. Kf1 f5 38. Qe3 Kf6 39. Qh6 Qe6 40. Qf8+ Qf7 41. Qd8+ Kg7 42. Bd1 Nd5 43. Qd6 Qc7 44. Qxc7+ 1/2-1/2

[Event "Harkany Tenkes Cup 42nd"]
[Site "Harkany"]
[Date "2018.11.24"]
[Round "3"]
[White "Nagybiro, Laszlo"]
[Black "Pasti, Anna"]
[Result "1-0"]
[WhiteElo "2171"]
[BlackElo "1832"]
[PlyCount "87"]
[EventDate "2018.11.23"]
[EventType "swiss"]
[EventRounds "9"]
[EventCountry "HUN"]
[SourceTitle "CBM 187 Extra"]
[Source "ChessBase"]
[SourceDate "2018.11.04"]
[SourceVersion "1"]
[SourceVersionDate "2018.11.04"]
[SourceQuality "1"]

1. e4 c5 2. d4 cxd4 3. c3 dxc3 4. Nxc3 Nc6 5. Nf3 d6 6. Bc4 e6 7. 0-0 Nf6 8. Qe2 a6 9. Bf4 Qc7 10. Rac1 Be7 11. Bb3 e5 12. Nd5 Qd8 13. Be3 Nxd5 14. Bxd5 Bd7 15. Nd2 Rb8 16. Rfd1 Nb4 17. Bb3 Nc6 18. Nc4 Be6 19. Nb6 Bxb3 20. axb3 0-0 21. Qd2 Qe8 22. Nd5 Rd8 23. Qd3 Rd7 24. b4 Bd8 25. b5 axb5 26. b4 Kh8 27. g4 Qe6 28. f3 Qg6 29. Kh1 Nd4 30. Bxd4 exd4 31. Qxb5 Qe6 32. Rc8 h5 33. Nf4 Qb3 34. Rf1 Rc7 35. Rxc7 Bxc7 36. Qxh5+ Kg8 37. Nd5 Bd8 38. Qh3 Qc2 39. Qg2 Qc4 40. g5 Bxg5 41. Rg1 Bh6 42. Qh3 Qe2 43. Qf5 g6 44. Ne7+ 1-0

[Event "HUN-chT2 Asztalos 1718"]
[Site "Hungary"]
[Date "2018.03.25"]
[Round "8.4"]
[White "Magony, Tamas"]
[Black "Nagybiro, Laszlo"]
[Result "1/2-1/2"]
[WhiteElo "2115"]
[BlackElo "2143"]
[PlyCount "45"]
[EventDate "2017.10.29"]
[EventType "team-tourn"]
[EventRounds "9"]
[EventCountry "HUN"]
[SourceTitle "EXT 2021"]
[Source "ChessBase"]
[SourceDate "2020.10.23"]
[SourceVersion "1"]
[SourceVersionDate "2020.10.23"]
[SourceQuality "1"]
[WhiteTeam "Baja"]
[BlackTeam "Decs 1990"]
[WhiteTeamCountry "HUN"]
[BlackTeamCountry "HUN"]

1. e4 e6 2. d4 d5 3. Nd2 dxe4 4. Nxe4 Nd7 5. Nf3 Ngf6 6. Nxf6+ Nxf6 7. Bg5 h6 8. Bh4 Be7 9. Bd3 0-0 10. 0-0 b6 11. Bxf6 Bxf6 12. Be4 Rb8 13. Qd3 c5 14. Rad1 Qc7 15. Qc4 Qe7 16. c3 Bb7 17. Bxb7 Rxb7 18. Rfe1 cxd4 19. Nxd4 Bxd4 20. Qxd4 Rc7 21. Re3 Rc5 22. Qd7 Re8 23. Qd4 1/2-1/2

[Event "HUN-chT2 Asztalos 1617"]
[Site "Hungary"]
[Date "2016.12.11"]
[Round "6.2"]
[White "Vidic, Stevan"]
[Black "Nagybiro, Laszlo"]
[Result "1-0"]
[WhiteElo "2271"]
[BlackElo "2128"]
[PlyCount "85"]
[EventDate "2016.09.25"]
[EventType "team-tourn"]
[EventRounds "11"]
[EventCountry "HUN"]
[SourceTitle "EXT 2021"]
[Source "ChessBase"]
[SourceDate "2020.10.23"]
[SourceVersion "1"]
[SourceVersionDate "2020.10.23"]
[SourceQuality "1"]
[WhiteTeam "Baja"]
[BlackTeam "Decs 1990 II"]
[WhiteTeamCountry "HUN"]
[BlackTeamCountry "HUN"]

1. e4 e5 2. Nf3 Nc6 3. Bc4 Nf6 4. d3 Bc5 5. 0-0 0-0 6. a3 d5 7. exd5 Nxd5 8. h3 a5 9. Re1 Nde7 10. Bg5 Kh8 11. Nc3 f6 12. Be3 Nd4 13. Bxd4 Bxd4 14. Nxd4 Qxd4 15. Qf3 Nf5 16. Rab1 Qd7 17. Ne2 c6 18. c3 a4 19. Rbd1 b5 20. Bxb5 Bb7 21. Bc4 c5 22. Qg4 Qc6 23. Nc1 Nd6 24. Qg3 Rae8 25. f3 e4 26. fxe4 Nxc4 27. dxc4 Rxe4 28. Rxe4 Qxe4 29. Rd7 Rg8 30. Nd3 Bc8 31. Rc7 Qxc4 32. Rxc5 Qe4 33. Kh2 Qe2 34. Nf4 Qc2 35. Nd5 Bb7 36. Ne7 Re8 37. Rc7 Qxb2 38. Nc6 Rg8 39. Ne7 Re8 40. Nf5 g6 41. Nh4 g5 42. Qd6 Qf2 43. Nf3 1-0

[Event "HUN-chT2 Charousek 1516"]
[Site "Hungary"]
[Date "2016.04.03"]
[Round "8.9"]
[White "Nagybiro, Laszlo"]
[Black "Nagy, Zoltan"]
[Result "0-1"]
[WhiteElo "2128"]
[BlackElo "2129"]
[PlyCount "92"]
[EventDate "2015.10.18"]
[EventType "team-tourn"]
[EventRounds "9"]
[EventCountry "HUN"]
[SourceTitle "EXT 2017"]
[Source "ChessBase"]
[SourceDate "2016.10.25"]
[SourceVersion "1"]
[SourceVersionDate "2016.10.25"]
[SourceQuality "1"]
[WhiteTeam "Decs 1990"]
[BlackTeam "Tapolca Rockwool"]
[WhiteTeamCountry "HUN"]
[BlackTeamCountry "HUN"]

1. d4 Nf6 2. c4 e6 3. Nc3 Bb4 4. Bg5 h6 5. Bxf6 Bxc3+ 6. bxc3 Qxf6 7. e4 d6 8. Bd3 0-0 9. Ne2 e5 10. 0-0 Nc6 11. d5 Ne7 12. f4 exf4 13. Rxf4 Qe5 14. Qd2 Ng6 15. Rf2 Qe7 16. Nd4 Ne5 17. Raf1 Bd7 18. h3 Rae8 19. Be2 Qg5 20. Qb2 b6 21. Kh1 Qe3 22. Qc2 Re7 23. Rf5 a5 24. a4 Rfe8 25. Rxe5 Rxe5 26. Bf3 g6 27. Kh2 h5 28. Ne2 h4 29. Nc1 Qf4+ 30. Kg1 Rg5 31. Nd3 Qe3+ 32. Kh1 Rg3 33. Re1 Qg5 34. Nf2 Re5 35. Rf1 f5 36. Qd1 Qe3 37. exf5 Bxf5 38. Bg4 Qxc3 39. Kh2 Qxc4 40. Bxf5 Rxf5 41. Qe1 Qxd5 42. Qe8+ Kg7 43. Ne4 Rxf1 44. Qd8 Rxh3+ 45. gxh3 Qe5+ 46. Kg2 Rf7 0-1

[Event "HUN-chT2 Charousek 1516"]
[Site "Hungary"]
[Date "2015.11.08"]
[Round "2.9"]
[White "Berta, Tibor"]
[Black "Nagybiro, Laszlo"]
[Result "0-1"]
[WhiteElo "2099"]
[BlackElo "2141"]
[PlyCount "98"]
[EventDate "2015.10.18"]
[EventType "team-tourn"]
[EventRounds "9"]
[EventCountry "HUN"]
[SourceTitle "CBM 170 Extra"]
[Source "ChessBase"]
[SourceDate "2016.02.25"]
[SourceVersion "1"]
[SourceVersionDate "2016.02.25"]
[SourceQuality "1"]
[WhiteTeam "Paks ASE II"]
[BlackTeam "Decs 1990"]
[WhiteTeamCountry "HUN"]
[BlackTeamCountry "HUN"]

1. d4 Nf6 2. Nf3 g6 3. g3 Bg7 4. Bg2 0-0 5. 0-0 d5 6. Bf4 c5 7. c3 Nbd7 8. Ne5 Qb6 9. Qb3 cxd4 10. Qxb6 Nxb6 11. cxd4 h6 12. Nc3 g5 13. Be3 Bf5 14. Rac1 Rac8 15. h3 Ne4 16. Rfd1 Nxc3 17. Rxc3 Rxc3 18. bxc3 Rc8 19. Rc1 Be6 20. Nd3 Nc4 21. Nc5 b6 22. Nxe6 fxe6 23. Bf3 b5 24. Rc2 Nxe3 25. fxe3 b4 26. Kf1 bxc3 27. Ke1 Kf8 28. Kd1 e5 29. Bxd5 exd4 30. exd4 Bxd4 31. e4 Rb8 32. Bb3 Rd8 33. Ke2 Be5 34. g4 Kg7 35. Bd5 Rb8 36. Bb3 Rb4 37. Kd3 Kf8 38. Rf2+ Ke8 39. Re2 a5 40. Be6 Kd8 41. Rf2 Kc7 42. Bd5 Kd6 43. Rc2 Rd4+ 44. Ke3 e6 45. Bb7 Rb4 46. Ba6 Rb1 47. Be2 Rh1 48. Bf3 Rxh3 49. Rc1 Bf4+ 0-1

[Event "HUN-chT U18"]
[Site "Budapest"]
[Date "2015.08.29"]
[Round "6.19"]
[White "Buzas, Bertalan"]
[Black "Nagybiro, Laszlo"]
[Result "0-1"]
[WhiteElo "2041"]
[BlackElo "2029"]
[PlyCount "100"]
[EventDate "2015.08.26"]
[EventType "team-swiss"]
[EventRounds "8"]
[EventCountry "HUN"]
[SourceTitle "EXT 2016"]
[Source "ChessBase"]
[SourceDate "2015.10.08"]
[SourceVersion "1"]
[SourceVersionDate "2015.10.08"]
[SourceQuality "1"]

1. d4 Nf6 2. Nf3 e6 3. Bg5 c5 4. Nc3 cxd4 5. Qxd4 Be7 6. e4 Nc6 7. Qd2 a6 8. e5 Ng4 9. Qf4 f5 10. exf6 Nxf6 11. Bd3 0-0 12. Qh4 g6 13. 0-0 d5 14. Rae1 Nh5 15. Bxe7 Nxe7 16. Qg5 Nf4 17. Nd4 Qd6 18. Re3 Nc6 19. Nxc6 bxc6 20. Qe5 Qb4 21. Nd1 Ra7 22. c3 Qb6 23. Bc2 Raf7 24. Rf3 c5 25. Ne3 Ne2+ 26. Kh1 Qc7 27. Qxc7 Rxc7 28. Rxf8+ Kxf8 29. Re1 Nf4 30. g3 Nh3 31. Kg2 Ng5 32. f4 Nf7 33. Ng4 Ke7 34. h4 Rb7 35. b3 c4 36. Ne5 cxb3 37. Bxb3 Rc7 38. Nxf7 Kxf7 39. Re3 Bb7 40. Kf2 a5 41. Ke2 Ba6+ 42. Kd2 Kf6 43. Re5 Bb5 44. Bc2 Rb7 45. h5 Be8 46. a3 gxh5 47. Kc1 Bg6 48. Bxg6 hxg6 49. Kc2 a4 50. c4 Rc7 0-1

[Event "HUN-chT U18"]
[Site "Budapest"]
[Date "2015.08.27"]
[Round "2.31"]
[White "Egri, Laszlo Jr"]
[Black "Nagybiro, Laszlo"]
[Result "1-0"]
[WhiteElo "2157"]
[BlackElo "2029"]
[PlyCount "59"]
[EventDate "2015.08.26"]
[EventType "team-swiss"]
[EventRounds "8"]
[EventCountry "HUN"]
[SourceTitle "EXT 2016"]
[Source "ChessBase"]
[SourceDate "2015.10.08"]
[SourceVersion "1"]
[SourceVersionDate "2015.10.08"]
[SourceQuality "1"]

1. Nf3 Nf6 2. c4 c5 3. Nc3 Nc6 4. g3 d6 5. Bg2 Bd7 6. 0-0 Qc8 7. d4 h5 8. dxc5 dxc5 9. Bf4 Ng4 10. h3 e5 11. Bg5 Nf6 12. Bxf6 gxf6 13. Ne4 Be7 14. Nd6+ Bxd6 15. Qxd6 Rh6 16. Ng5 Nd4 17. Ne4 Qc6 18. e3 Ne6 19. Nxf6+ Rxf6 20. Bxc6 Bxc6 21. Qxe5 Rg6 22. Qh8+ Nf8 23. Rad1 Bd7 24. Rd5 0-0-0 25. Rfd1 b6 26. h4 Re6 27. Qg8 Re7 28. Qg7 Rde8 29. Qf6 Ng6 30. Rxd7 1-0

[Event "HUN-chT2 Asztalos 1415"]
[Site "Hungary"]
[Date "2015.04.26"]
[Round "9"]
[White "Mathe, Gaspar"]
[Black "Nagybiro, Laszlo"]
[Result "1/2-1/2"]
[WhiteElo "2316"]
[BlackElo "2006"]
[PlyCount "118"]
[EventDate "2014.10.12"]
[EventType "team-tourn"]
[EventRounds "9"]
[EventCountry "HUN"]
[SourceTitle "EXT 2016"]
[Source "ChessBase"]
[SourceDate "2015.10.08"]
[SourceVersion "1"]
[SourceVersionDate "2015.10.08"]
[SourceQuality "1"]
[WhiteTeam "Nagyatad"]
[BlackTeam "Decs II"]
[WhiteTeamCountry "HUN"]
[BlackTeamCountry "HUN"]

1. e4 e5 2. Nf3 Nc6 3. Bc4 Nf6 4. d4 exd4 5. e5 d5 6. Bb5 Ne4 7. Nxd4 Bc5 8. Be3 Bd7 9. Nxc6 bxc6 10. Bxc5 Nxc5 11. Bd3 0-0 12. 0-0 f6 13. exf6 Qxf6 14. Nc3 Rae8 15. Qd2 Ne6 16. Rae1 Nf4 17. f3 Rxe1 18. Rxe1 Rb8 19. Nd1 Re8 20. Rxe8+ Bxe8 21. Qe3 Qe6 22. Qxe6+ Nxe6 23. Kf2 h6 24. c3 Kf7 25. g3 c5 26. Ne3 c4 27. Bc2 c6 28. Nf5 Bd7 29. Nd4 Nxd4 30. cxd4 Kf6 31. Ke3 Be8 32. h4 g5 33. hxg5+ hxg5 34. Kd2 Bh5 35. Bd1 Ke7 36. Kc3 a5 37. b3 cxb3 38. Kxb3 Kd6 39. Ka4 c5 40. Kxa5 cxd4 41. Kb6 d3 42. a4 Be8 43. a5 Bc6 44. a6 d4 45. a7 d2 46. Be2 d3 47. Bd1 Ba8 48. Kb5 Kd5 49. Kb4 Kd4 50. f4 gxf4 51. gxf4 Ke4 52. Kc3 Kxf4 53. Kd4 Be4 54. Bh5 Ba8 55. Kxd3 Ke5 56. Kxd2 Kd6 57. Ke3 Kc7 58. Bf3 Kb6 59. Bxa8 Kxa7 1/2-1/2

[Event "HUN-ch U18"]
[Site "Balatonlelle"]
[Date "2014.06.26"]
[Round "7"]
[White "Csonka, Balazs"]
[Black "Nagybiro, Laszlo"]
[Result "1-0"]
[WhiteElo "2361"]
[BlackElo "1984"]
[PlyCount "81"]
[EventDate "2014.06.20"]
[EventType "swiss"]
[EventRounds "9"]
[EventCountry "HUN"]
[SourceTitle "EXT 2024"]
[Source "ChessBase"]
[SourceDate "2023.10.10"]
[SourceVersion "1"]
[SourceVersionDate "2023.10.10"]
[SourceQuality "1"]

1. d4 Nf6 2. c4 e6 3. Nf3 Bb4+ 4. Bd2 Qe7 5. g3 0-0 6. Bg2 a5 7. 0-0 c5 8. d5 Bxd2 9. Qxd2 d6 10. Nc3 exd5 11. cxd5 a4 12. Rfe1 Bd7 13. e4 Ng4 14. e5 Nxe5 15. Nxe5 dxe5 16. d6 Qe6 17. Bd5 Qh3 18. Ne4 Bc6 19. Nxc5 b6 20. Ne4 Bxd5 21. Qxd5 Ra5 22. Qb7 f5 23. Nd2 f4 24. Rac1 Nd7 25. Rc8 Qe6 26. Ne4 h6 27. Rd1 f3 28. Rxf8+ Kxf8 29. Nc3 Qg4 30. h3 Qxh3 31. Qxf3+ Kg8 32. Nd5 Qe6 33. Ne7+ Kh7 34. Qe4+ g6 35. Qb7 e4 36. Nd5 Kh8 37. Nxb6 Nxb6 38. d7 Nxd7 39. Rxd7 Qg8 40. Qc7 Rd5 41. Qc3+ 1-0

[Event "HUN-ch U18"]
[Site "Balatonlelle"]
[Date "2014.06.24"]
[Round "5"]
[White "Juhasz, Bencze"]
[Black "Nagybiro, Laszlo"]
[Result "1/2-1/2"]
[WhiteElo "1833"]
[BlackElo "1984"]
[PlyCount "45"]
[EventDate "2014.06.20"]
[EventType "swiss"]
[EventRounds "9"]
[EventCountry "HUN"]
[SourceTitle "EXT 2024"]
[Source "ChessBase"]
[SourceDate "2023.10.10"]
[SourceVersion "1"]
[SourceVersionDate "2023.10.10"]
[SourceQuality "1"]

1. d4 Nf6 2. Nf3 e6 3. Nc3 d5 4. Bg5 Be7 5. e3 0-0 6. Bd3 h6 7. Bh4 Nbd7 8. 0-0 c5 9. b3 a6 10. Ne2 b5 11. c4 dxc4 12. bxc4 bxc4 13. Bxc4 Bb7 14. dxc5 Bxf3 15. gxf3 Ne5 16. Bxf6 Bxf6 17. Rc1 Nxf3+ 18. Kh1 Nd2 19. Rg1 Ra7 20. Nd4 Nxc4 21. Rxc4 Qd5+ 22. Qf3 Qxc4 23. Qxf6 1/2-1/2

[Event "HUN-ch U18"]
[Site "Balatonlelle"]
[Date "2014.06.21"]
[Round "2"]
[White "Nagybiro, Laszlo"]
[Black "Farkas, Richard"]
[Result "0-1"]
[WhiteElo "1984"]
[BlackElo "2306"]
[PlyCount "82"]
[EventDate "2014.06.20"]
[EventType "swiss"]
[EventRounds "9"]
[EventCountry "HUN"]
[SourceTitle "EXT 2024"]
[Source "ChessBase"]
[SourceDate "2023.10.10"]
[SourceVersion "1"]
[SourceVersionDate "2023.10.10"]
[SourceQuality "1"]

1. d4 Nf6 2. c4 c5 3. d5 e5 4. Nc3 d6 5. e4 g6 6. Be2 Bg7 7. Be3 a6 8. Nf3 Nh5 9. Qd2 0-0 10. 0-0-0 Qa5 11. Bh6 Nd7 12. Bxg7 Kxg7 13. g3 h6 14. Nh4 Nhf6 15. f4 Rb8 16. Nf3 Re8 17. Bd3 b5 18. f5 b4 19. Nb1 Qxa2 20. g4 Nh7 21. h4 a5 22. f6+ Ndxf6 23. g5 hxg5 24. hxg5 Nh5 25. Rxh5 gxh5 26. Rh1 Bg4 27. Nh2 Bd7 28. Nf1 a4 29. Qe2 Bg4 30. Qd2 a3 31. bxa3 Qxd2+ 32. Kxd2 Nxg5 33. axb4 cxb4 34. Ne3 Nf3+ 35. Kc1 Ra8 36. Kb2 Ra7 37. Be2 Nd4 38. Bxg4 hxg4 39. Rg1 Rea8 40. Nf5+ Nxf5 41. exf5 Kf6 0-1

[Event "HUN-ch U16"]
[Site "Balatonlelle"]
[Date "2013.06.26"]
[Round "6"]
[White "Grimm, Gyorgy"]
[Black "Nagybiro, Laszlo"]
[Result "1/2-1/2"]
[WhiteElo "2009"]
[BlackElo "1841"]
[PlyCount "144"]
[EventDate "2013.??.??"]
[EventType "tourn"]
[EventRounds "9"]
[EventCountry "HUN"]
[SourceTitle "EXT 2014"]
[Source "ChessBase"]
[SourceDate "2013.11.20"]
[SourceVersion "1"]
[SourceVersionDate "2013.11.20"]
[SourceQuality "1"]

1. e4 e5 2. Nf3 Nc6 3. Bb5 Nge7 4. d4 exd4 5. Nxd4 Nxd4 6. Qxd4 Nc6 7. Qd1 g6 8. 0-0 Bg7 9. c3 0-0 10. Be3 d6 11. Nd2 d5 12. exd5 Qxd5 13. Bc4 Qd8 14. h3 Ne5 15. Be2 b6 16. Nf3 Bb7 17. Nxe5 Bxe5 18. Qc2 c5 19. Rad1 Qc7 20. Rd2 Bh2+ 21. Kh1 Bf4 22. Bxf4 Qxf4 23. Rfd1 Be4 24. Bd3 Bc6 25. Kg1 Rfe8 26. Bf1 Be4 27. Bd3 Bb7 28. Bb5 Re7 29. Qa4 Re4 30. Qc2 Qg5 31. Bf1 Rae8 32. Qd3 Re1 33. g3 R1e3 34. Qd6 R3e6 35. Qd7 Bf3 36. Ra1 Bc6 37. Qd3 Bb5 38. Qd5 Qxd5 39. Rxd5 Bxf1 40. Kxf1 Re2 41. b4 cxb4 42. cxb4 Rb2 43. Rd4 Ree2 44. Rf4 Rxa2 45. Rd1 Re7 46. Rd8+ Kg7 47. Rfd4 Rb2 48. Rb8 Re5 49. Rf4 Rf5 50. Rxf5 gxf5 51. Rb7 Rxb4 52. Rxa7 f4 53. gxf4 Rxf4 54. Kg2 Rb4 55. Kg3 Kg6 56. Rb7 Rb1 57. Kf4 b5 58. h4 Rb2 59. f3 h5 60. Rb6+ f6 61. Rb8 Rb4+ 62. Kg3 Rb1 63. Kf4 Rb3 64. Rg8+ Kh7 65. Rb8 Kg7 66. Rb7+ Kg6 67. Rb8 Rb4+ 68. Kg3 Rb1 69. Kf4 b4 70. Rg8+ Kh7 71. Rb8 Kg6 72. Rg8+ Kh7 1/2-1/2

[Event "HUN-ch U16"]
[Site "Balatonlelle"]
[Date "2013.06.22"]
[Round "2"]
[White "Nagybiro, Laszlo"]
[Black "Csonka, Balazs"]
[Result "0-1"]
[WhiteElo "1841"]
[BlackElo "2354"]
[PlyCount "54"]
[EventDate "2013.??.??"]
[EventType "tourn"]
[EventRounds "9"]
[EventCountry "HUN"]
[SourceTitle "EXT 2014"]
[Source "ChessBase"]
[SourceDate "2013.11.20"]
[SourceVersion "1"]
[SourceVersionDate "2013.11.20"]
[SourceQuality "1"]

1. e4 c5 2. Nc3 Nc6 3. f4 g6 4. Nf3 Bg7 5. Bc4 d6 6. 0-0 Nf6 7. f5 0-0 8. d3 Na5 9. Bb3 gxf5 10. Qe1 fxe4 11. Nxe4 Nxe4 12. Qxe4 Nxb3 13. axb3 f5 14. Qh4 e5 15. Qc4+ Kh8 16. Ng5 Qe7 17. Bd2 Bf6 18. Nf3 d5 19. Qa4 e4 20. dxe4 fxe4 21. Ng5 Bd7 22. Qa3 e3 23. Bc3 d4 24. Rxf6 Qxf6 25. Ne4 Qf5 26. Ng3 Qf2+ 27. Kh1 e2 0-1